Statistics for 10 Largest Cities in Israel

Click here to take the quiz!

General Stats

  • This quiz has been taken 73 times
  • The average score is 6 of 10

Answer Stats

PopulationAnswer% Correct
438,818Tel Aviv-Yafo
100%
882,652Jerusalem
98%
279,591Haifa
90%
202,495Beersheba
58%
219,067Ashdod
42%
205,187Netanya
38%
246,323Rishon LeZion
35%
236,169Petah Tikva
33%
188,064Holon
31%
180,544Bnei Brak
25%

Score Distribution

Percentile by Number Answered

Percent of People with Each Score

Your Score History

You have not taken this quiz